00579nam a22001937a 450000500170000000800410001701000140005802000110007203500130008303700150009604000120011108200090012310000190013224500640015126000440021527000610025930000250032050000400034520080613170953.0080613t xxu||||| |||| 00| 0 eng d aENG-90300 c375.00 aEN-73833 bDBAD / PUB aDPLbEN a250  aGaikwad, K.D.  aReflections on Buddha's dhamma doctrines /cby K.D. Gaikwad aAurangabadbKalawati Publicationsc2006 aGaikwad Hospital, VIP, Raod Kileark,bAurangabade431001 a 472p. c23 cm (pbk) aIncludes bibliographical refrences